000 00345nam a2200121Ia 4500
008 240731s9999 xx 000 0 und d
022 _a1532-2440
245 0 _aSynthesis and Reactivity in Inorganic and Metal-Organic Chemistry
260 _bTaylor & Francis
856 _uhttps://www.tandfonline.com/loi/lsrt19
942 _2ddc
942 _cTFEJ
999 _c79637
_d79637
945 _a1
_bMadushi Gamage
_c1
_dMadushi Gamage